000 00870nam a2200229 a 4500
001 000036433
005 20200930075729.0
008 120117s2003 ag 000 0 spa d
020 _a9500723786
040 _aDO-SdBNP
_bspa
_cBNPHU
082 _axxxx
_bN964
245 0 0 _aNuevos narradores alemanes. /
_cVerena Auffermann, compiladora; traducción de Gabriela Adamo, Martina Fernández Polcuch y Nicolás Gelormini; prólogo por Silvia Fehrmann.
260 _aBuenos Aires :
_bSudamericana,
_c2003.
300 _a218 p. ;
_c22 cm.
490 1 _aNarrativas contemporáneas
700 1 _aAuffermann, Verena,
_ecomp.
_962649
700 1 _aAdamo, Gabriela,
_etr.
_962650
700 1 _aFernández Polcuch, Martina ,
_etr.
_962651
700 1 _aGelormini, Nicolás,
_etr.
_962652
700 1 _aFehrmann, Silvia ,
_epról.
_962653
830 0 _aNarrativas contemporáneas
_961415
999 _c35924
_d35924